000 00924nam a2200253 i 4500
001 11295
003 ES-MaACL
005 20230906150053.0
007 t|
008 950529s1994 sp |||| | spa j
020 _a84-7434-848-X
080 _a368.431.2
245 0 0 _aLibro blanco de la jubilación /
_c[traductor, Fernando Martínez Rodríguez].
260 _aMadrid :
_bCentro de Publicaciones, Ministerio de Trabajo y Seguridad Social,
_c[1994]
300 _a263 p ;
_c23 cm.
490 1 _aSeguridad Social ;
_v11
594 _aEn port.: Ministerio de Trabajo y Seguridad Social, Secretaría General para la Seguridad Social.
650 1 4 _aPensiones de jubilación.
_915924
700 1 _aMartínez Rodríguez, Fernando.
_978370
710 1 _aEspaña.
_bMinisterio de Trabajo y Seguridad Social.
_93936
830 0 _aSeguridad Social ;
_v11
_9228190
852 _aES-MaACL
_jL-18621
999 _c11295
_d11295